000 00303nam a2200109Ia 4500
008 221009s9999 xx 000 0 und d
082 _a160
100 _aR.N Thakur
_972351
245 0 _aGeneral Intelligence & Reasoning as per the latest pattern of SSC Examination
260 _bMcgraw hill
942 _cBK
999 _c65179
_d65179